Statistics for Type to 200 in 2 Minutes

Click here to take the quiz!

General Stats

  • This quiz has been taken 68 times
  • The average score is 138 of 200

Answer Stats

Answer% Correct
1
100%
10
100%
11
100%
12
100%
13
100%
14
100%
15
100%
16
100%
18
100%
19
100%
2
100%
20
100%
3
100%
4
100%
5
100%
6
100%
7
100%
8
100%
9
100%
17
97%
21
97%
22
97%
23
97%
24
97%
25
97%
27
97%
28
97%
29
97%
26
95%
30
95%
31
95%
32
95%
33
95%
34
95%
35
95%
37
95%
38
95%
39
95%
40
95%
41
95%
36
92%
42
92%
43
92%
44
92%
45
92%
48
92%
49
92%
50
92%
60
92%
100
89%
46
89%
47
89%
51
89%
52
89%
53
89%
54
89%
55
89%
56
89%
57
89%
58
89%
59
89%
62
89%
63
89%
64
89%
65
89%
66
89%
61
87%
67
87%
68
87%
69
87%
70
87%
71
87%
72
87%
80
87%
90
87%
73
84%
74
84%
75
84%
76
84%
77
84%
78
84%
79
84%
81
84%
82
84%
84
84%
86
84%
88
84%
91
84%
92
84%
93
84%
94
84%
95
84%
96
84%
98
84%
99
84%
101
82%
102
82%
83
82%
85
82%
97
82%
87
79%
89
79%
103
76%
111
76%
105
74%
104
71%
107
71%
109
71%
112
71%
106
68%
108
68%
110
68%
113
68%
117
68%
122
68%
123
68%
114
66%
115
66%
116
66%
118
66%
119
66%
121
66%
124
66%
125
66%
126
63%
127
63%
131
63%
133
63%
141
63%
144
63%
120
61%
128
61%
130
61%
132
61%
129
58%
134
58%
135
58%
136
58%
137
58%
138
58%
139
58%
140
58%
145
58%
142
55%
143
55%
146
53%
147
50%
148
50%
149
50%
155
50%
150
47%
151
47%
152
45%
153
45%
157
45%
154
42%
156
42%
158
42%
159
42%
160
42%
161
42%
162
42%
163
39%
166
39%
164
37%
165
37%
167
37%
168
34%
170
34%
200
34%
169
32%
171
32%
177
32%
172
26%
173
26%
174
26%
175
26%
176
26%
178
26%
188
26%
189
24%
190
24%
198
24%
199
24%
179
21%
180
21%
181
21%
182
21%
183
21%
184
21%
185
21%
187
21%
191
21%
195
21%
186
18%
192
18%
193
18%
194
18%
196
18%
197
18%

Score Distribution

Percentile by Number Answered

Percent of People with Each Score

Your Score History

You have not taken this quiz